Decentralization and marketization (Record no. 162045)
[ view plain ]
| 000 -LEADER | |
|---|---|
| fixed length control field | 01982nam a2200397 a 4500 |
| 082 04 - DEWEY DECIMAL CLASSIFICATION NUMBER | |
| Classification number | 374/.951 |
| 100 1# - MAIN ENTRY--AUTHOR NAME | |
| Personal name | Liu, Ning Rong. |
| 245 10 - TITLE STATEMENT | |
| Title | Decentralization and marketization |
| 260 ## - PUBLICATION, DISTRIBUTION, ETC. (IMPRINT) | |
| Place of publication | New York : |
| Name of publisher | Nova Science Publishers, Inc., |
| Year of publication | c2010. |
| 300 ## - PHYSICAL DESCRIPTION | |
| Number of Pages | xv, 216 p. : |
| Other physical details | ill. |
| 490 1# - SERIES STATEMENT | |
| Series statement | Education in a competitive and globalizing world |
| 505 0# - FORMATTED CONTENTS NOTE | |
| Formatted contents note | Introduction -- Research methodology -- Global influences: decentralization and marketization in higher education -- Historical perspectives: China's adult and continuing education -- Driving forces behind the reorganization of China's continuing education -- Changes in institutional structure and organizational culture: a case study -- Key findings, discussion, and conclusions. |
| 650 #0 - SUBJECT ADDED ENTRY--TOPICAL TERM | |
| Topical Term | Adult education |
| Topical Term | Continuing education |
| Topical Term | Education, Higher |
| Topical Term | Universities and colleges |
| Topical Term | Educational change |
| 856 40 - ELECTRONIC LOCATION AND ACCESS | |
| Uniform Resource Identifier | http://site.ebrary.com/lib/rucke/Doc?id=10675050 |
No items available.
